guess the actor by their eyes - Statistics

General Stats
  • This quiz has been taken 182 times
  • The average score is 8 of 12
Answer Stats
Picture Answer % Correct
the rock
99%
leonardo dicaprio
92%
zendaya
89%
tom holland
80%
jenna ortega
78%
hugh jackman
68%
angelina jolie
65%
michael b jordan
54%
chadwick boseman
53%
idris elba
39%
halle bailey
36%
skai jackson
8%
No matching quizzes found
Score Distribution
Percent of People with Each Score
Percentile by Number Answered
Your Score History
You have not taken this quiz